| 000 | 00801nam a2200205 i 4500 | ||
|---|---|---|---|
| 001 | 27234 | ||
| 003 | ES-MaACL | ||
| 005 | 20230906153601.0 | ||
| 007 | t| | ||
| 008 | 030114m19341936sp ||||1| spa d | ||
| 100 | 1 |
_aAsín Palacios, Miguel. _923614 |
|
| 245 | 1 | 3 |
_aLa espiritualidad de Algazel y su sentido cristiano / _cMiguel Asín Palacios. |
| 260 |
_aMadrid, etc. ; _aGranada : _b[s.n.], _c1934-1936 ( _fImp. de Estanislao Maestre) |
||
| 300 |
_a3 v. ; _c23 cm. |
||
| 490 | 1 |
_aPublicaciones de las Escuelas de Estudios Arabes de Madrid y Granada . Serie A ; _v2 |
|
| 600 | 1 | 4 |
_aAl-Gazali, Muhammad b. Muhammad Abu Hamid. _919047 |
| 830 | 0 |
_aPublicaciones de las Escuelas de Estudios Arabes de Madrid y Granada . Serie A ; _v2 _9229206 |
|
| 852 |
_aES-MaACL _jP-1006 |
||
| 999 |
_c27234 _d27234 |
||